United nations peace keeping : meeting new challenges
Salvato in:
| Ente Autore: | |
|---|---|
| Natura: | Libro |
| Pubblicazione: |
New York :
United Nations,
2006
|
| Soggetti: | |
| Tags: |
Aggiungi Tag
Nessun Tag, puoi essere il primo ad aggiungerne!!
|
MARC
| LEADER | 00000nam a2200000 4500 | ||
|---|---|---|---|
| 020 | |a NA |c TZS 5000/= | ||
| 040 | |a MUL |b eng. |e AACR | ||
| 082 | |a 341.523 UNI |b 1 | ||
| 110 | |a United Nations | ||
| 245 | |a United nations peace keeping : |b meeting new challenges |c / United nations | ||
| 260 | |a New York : |b United Nations, |c 2006 | ||
| 300 | |a 24 p. : |b Chiefly col. ill. ; |c 24 cm. | ||
| 500 | |a Frequently asked questions | ||
| 504 | |a Include bibliography | ||
| 650 | |a Peace keeping | ||
| 942 | |c BK | ||
| 999 | |c 745 |d 745 | ||